[Event "Cheliabinsk Lozovatsky Memorial-A"]
[Site "Cheliabinsk"]
[Date "2023.01.30"]
[Round "4"]
[White "Frolyanov, Dmitry"]
[Black "Palachev, Petr"]
[Result "1-0"]
[WhiteElo "2495"]
[BlackElo "2340"]
[PlyCount "113"]
[EventDate "2023.01.27"]
[EventType "swiss"]
[EventRounds "10"]
[EventCountry "RUS"]
[SourceTitle "CBM 212 Extra"]
[Source "ChessBase"]
[SourceDate "2023.03.31"]
[SourceVersion "1"]
[SourceVersionDate "2023.03.31"]
[SourceQuality "1"]

1. e4 e6 2. d4 d5 3. Nc3 Bb4 4. e5 c5 5. a3 Bxc3+ 6. bxc3 Ne7 7. Qg4 Qc7 8. Qxg7 Rg8 9. Qxh7 cxd4 10. Qd3 Qxe5+ 11. Ne2 dxc3 12. Qxc3 Qxc3+ 13. Nxc3 Nbc6 14. h4 f6 15. Nb5 Kd7 16. Bb2 e5 17. 0-0-0 a6 18. Nc3 Ke6 19. h5 b5 20. h6 b4 21. axb4 Nxb4 22. f4 Kf7 23. fxe5 fxe5 24. Ba3 a5 25. Nb5 Kg6 26. c3 Nbc6 27. Nc7 Bg4 28. h7 Rh8 29. Nxa8 Bxd1 30. Kxd1 Rxh7 31. Rxh7 Kxh7 32. Nc7 Kg6 33. Bb5 d4 34. cxd4 exd4 35. Kd2 Kf5 36. Nd5 Nxd5 37. Bxc6 Ne3 38. Kd3 Kg4 39. Bd6 a4 40. Be5 a3 41. Bxd4 Nxg2 42. Bxg2 a2 43. Bd5 a1Q 44. Bxa1 Kf5 45. Ke3 Kg5 46. Be6 Kg6 47. Kf4 Kh5 48. Bf6 Kg6 49. Be7 Kh5 50. Bf7+ Kh6 51. Kf5 Kg7 52. Bg6 Kg8 53. Kg5 Kg7 54. Kh5 Kg8 55. Kh6 Kh8 56. Bf5 Kg8 57. Be6+ 1-0

[Event "Cheliabinsk Panchenko Memorial op-A"]
[Site "Cheliabinsk"]
[Date "2022.09.21"]
[Round "10"]
[White "Badelka, Olga"]
[Black "Palachev, Petr"]
[Result "1-0"]
[WhiteElo "2431"]
[BlackElo "2324"]
[PlyCount "81"]
[EventDate "2022.09.12"]
[EventType "swiss"]
[EventRounds "10"]
[EventCountry "RUS"]
[SourceTitle "CBM 210 Extra"]
[Source "ChessBase"]
[SourceDate "2022.11.30"]
[SourceVersion "1"]
[SourceVersionDate "2022.11.30"]
[SourceQuality "1"]

1. c4 e5 2. Nc3 Nf6 3. Nf3 Nc6 4. e3 Bb4 5. Qc2 Bxc3 6. Qxc3 Qe7 7. a3 a5 8. Be2 d5 9. d3 0-0 10. 0-0 Bg4 11. h3 Bxf3 12. Bxf3 e4 13. dxe4 dxe4 14. Be2 a4 15. Bd2 Nd7 16. Rad1 Nc5 17. Qc2 Rfd8 18. Bc3 Qe6 19. Rxd8+ Rxd8 20. Rd1 Rxd1+ 21. Qxd1 Qd6 22. Qxd6 cxd6 23. f4 exf3 24. Bxf3 Ne5 25. Bd5 Ned7 26. Bd4 Kf8 27. Kf1 f6 28. Ke2 Ke7 29. Kd2 Kd8 30. Kc3 Kc7 31. Kb4 b6 32. Kb5 h6 33. h4 g5 34. h5 Ne5 35. g3 Ng4 36. e4 Ne5 37. Bxc5 dxc5 38. Kxa4 Nd3 39. b4 cxb4 40. axb4 Nf2 41. Kb5 1-0

[Event "Cheliabinsk Panchenko Memorial op-A"]
[Site "Cheliabinsk"]
[Date "2022.09.19"]
[Round "8"]
[White "Paravyan, David"]
[Black "Palachev, Petr"]
[Result "1-0"]
[WhiteElo "2592"]
[BlackElo "2324"]
[PlyCount "73"]
[EventDate "2022.09.12"]
[EventType "swiss"]
[EventRounds "10"]
[EventCountry "RUS"]
[SourceTitle "CBM 210 Extra"]
[Source "ChessBase"]
[SourceDate "2022.11.30"]
[SourceVersion "1"]
[SourceVersionDate "2022.11.30"]
[SourceQuality "1"]

1. d4 Nf6 2. c4 e6 3. Nf3 d5 4. g3 dxc4 5. Bg2 a6 6. 0-0 Nc6 7. e3 Bd7 8. Qe2 Bd6 9. Qxc4 0-0 10. Nc3 Qe7 11. Re1 b5 12. Qe2 b4 13. Nb1 Rab8 14. Nbd2 a5 15. Nc4 a4 16. e4 e5 17. dxe5 Nxe5 18. Ncxe5 Bxe5 19. Nxe5 Qxe5 20. Bf4 Qa5 21. Rac1 Rfc8 22. Qe3 Be6 23. Rc5 Rb5 24. Rec1 Bxa2 25. Rxc7 Rxc7 26. Rxc7 Be6 27. Ra7 Qd8 28. Bf1 Rh5 29. Qd4 Qe8 30. Rb7 Nd7 31. Qxb4 Qa8 32. h4 h6 33. e5 g5 34. Be2 gxf4 35. Bxh5 Qc8 36. Rxd7 Qxd7 37. Qxf4 1-0

[Event "Cheliabinsk Panchenko Memorial op-A"]
[Site "Cheliabinsk"]
[Date "2022.09.16"]
[Round "5"]
[White "Zakhartsov, Vladimir"]
[Black "Palachev, Petr"]
[Result "1/2-1/2"]
[WhiteElo "2513"]
[BlackElo "2324"]
[PlyCount "160"]
[EventDate "2022.09.12"]
[EventType "swiss"]
[EventRounds "10"]
[EventCountry "RUS"]
[SourceTitle "CBM 210 Extra"]
[Source "ChessBase"]
[SourceDate "2022.11.30"]
[SourceVersion "1"]
[SourceVersionDate "2022.11.30"]
[SourceQuality "1"]

1. d4 Nf6 2. c4 e6 3. Nf3 d5 4. g3 dxc4 5. Bg2 a6 6. Ne5 Bb4+ 7. Nc3 Nd5 8. 0-0 0-0 9. Ne4 b5 10. b3 cxb3 11. axb3 Bb7 12. Nd3 Bc3 13. Bg5 f6 14. Rc1 fxg5 15. Ndc5 Qe7 16. Nxb7 Bb4 17. Nbc5 Bxc5 18. Rxc5 c6 19. Qd2 h6 20. Qb2 Nb4 21. Rcc1 Nd7 22. Nc5 Nxc5 23. Rxc5 Rf5 24. Rcc1 Qd6 25. Be4 Rf6 26. Rc5 a5 27. e3 Ra6 28. Rfc1 Rf8 29. Qe2 Nd5 30. Bb1 Nb4 31. Qh5 a4 32. bxa4 bxa4 33. Rxg5 Rf6 34. Ra5 a3 35. Qc5 Qxc5 36. Rcxc5 Rf8 37. Rxa6 Nxa6 38. Ra5 Rb8 39. Bg6 Nc7 40. Rxa3 Kf8 41. Rc3 Rb6 42. h4 Ke7 43. h5 Kd6 44. Be4 Na6 45. Bd3 Nc7 46. Rc5 Nd5 47. Ra5 Rb3 48. Be4 Nf6 49. Bf3 Nd7 50. Ra7 Rc3 51. Ra6 e5 52. d5 Nf6 53. Ra7 e4 54. Be2 Rc1+ 55. Kg2 Rc2 56. Bd1 Rd2 57. Bb3 cxd5 58. Rxg7 Nxh5 59. Rg6+ Ke5 60. Rxh6 Nf6 61. Rh4 Rd3 62. Ba4 d4 63. Bb5 Rd2 64. exd4+ Kxd4 65. g4 e3 66. g5+ Kc5 67. Kf3 Nd5 68. Be2 exf2 69. g6 Rd4 70. g7 Rxh4 71. g8Q Rf4+ 72. Kg3 f1Q 73. Qc8+ Kd4 74. Qh8+ Kc5 75. Qc8+ Kd4 76. Qh8+ Kc5 77. Bxf1 Rxf1 78. Qc8+ Kd4 79. Qg4+ Rf4 80. Qxf4+ Nxf4 1/2-1/2

[Event "Titled Tuesday intern op 19th Apr Early"]
[Site "Chess.com INT"]
[Date "2022.04.19"]
[Round "3"]
[White "Andreikin, Dmitry"]
[Black "Palachev, Petr"]
[Result "1-0"]
[WhiteElo "2729"]
[BlackElo "2317"]
[PlyCount "123"]
[EventDate "2022.04.19"]
[EventType "swiss (blitz)"]
[EventRounds "11"]
[EventCountry "USA"]
[SourceTitle "EXT 2023"]
[Source "ChessBase"]
[SourceDate "2022.10.05"]
[SourceVersion "1"]
[SourceVersionDate "2022.10.05"]
[SourceQuality "1"]

1. d4 Nf6 2. c4 e6 3. Nf3 d5 4. g3 dxc4 5. Bg2 a6 6. 0-0 Nc6 7. e3 Rb8 8. Bd2 b5 9. b3 cxb3 10. Qxb3 Bb7 11. Rc1 Bd6 12. a4 0-0 13. axb5 axb5 14. Nc3 b4 15. Na4 Ne4 16. Be1 Ne7 17. Qb1 Nc3 18. Bxc3 Bxf3 19. Bxf3 bxc3 20. Qc2 e5 21. dxe5 Bxe5 22. Nxc3 Qd6 23. Ra5 Bxc3 24. Qxc3 Rfc8 25. Bg4 Rd8 26. Qxc7 Qxc7 27. Rxc7 Nd5 28. Rd7 Rxd7 29. Bxd7 Nf6 30. Bb5 h6 31. Bc4 Rb7 32. Kg2 Rc7 33. Ra8+ Kh7 34. Ra4 g6 35. h3 Kg7 36. g4 g5 37. Bd3 Nd7 38. Ra5 Nc5 39. Bf5 Kf6 40. Kg3 h5 41. Rb5 hxg4 42. Kxg4 Rc6 43. Bb1 Ne6 44. Rf5+ Kg7 45. Ba2 Rc2 46. Bxe6 fxe6 47. Rxg5+ Kf6 48. f4 Rg2+ 49. Kf3 Rh2 50. Rg3 e5 51. fxe5+ Kxe5 52. Kg4 Ke4 53. h4 Rf2 54. h5 Rf8 55. h6 Rg8+ 56. Kh4 Rh8 57. Kh5 Kf5 58. Rg7 Kf6 59. Ra7 Re8 60. h7 Rd8 61. Kh6 Re8 62. e4 1-0

[Event "Titled Tuesday intern op 19th Apr Early"]
[Site "Chess.com INT"]
[Date "2022.04.19"]
[Round "4"]
[White "Palachev, Petr"]
[Black "Hua, Lefong"]
[Result "0-1"]
[WhiteElo "2317"]
[BlackElo "2305"]
[PlyCount "130"]
[EventDate "2022.04.19"]
[EventType "swiss (blitz)"]
[EventRounds "11"]
[EventCountry "USA"]
[SourceTitle "EXT 2023"]
[Source "ChessBase"]
[SourceDate "2022.10.05"]
[SourceVersion "1"]
[SourceVersionDate "2022.10.05"]
[SourceQuality "1"]

1. d4 Nf6 2. c4 c5 3. d5 e6 4. Nc3 exd5 5. cxd5 d6 6. Nf3 g6 7. Bf4 a6 8. a4 Bg7 9. h3 0-0 10. e3 Ne8 11. Nd2 Qe7 12. Nc4 Nd7 13. Be2 Ne5 14. Nb6 Rb8 15. 0-0 Nc7 16. a5 Na8 17. Nca4 Nxb6 18. Nxb6 Nd7 19. Qb3 Nxb6 20. Qxb6 Be5 21. Bxe5 Qxe5 22. Rac1 Bd7 23. b4 cxb4 24. Rc7 Bf5 25. Rxb7 Rbc8 26. Qxb4 Rc5 27. Bxa6 Qxd5 28. Ra1 Be4 29. f3 Bxf3 30. gxf3 Qe5 31. Qb2 Qxe3+ 32. Qf2 Rg5+ 33. Kf1 Qc3 34. Rd1 Rf5 35. Be2 Qxa5 36. Rd7 Rf6 37. R7xd6 Rxd6 38. Rxd6 Qe5 39. Rd1 Rb8 40. Bd3 Rb2 41. Rd2 Rxd2 42. Qxd2 Qg3 43. Qg2 Qf4 44. Qf2 h5 45. h4 Kg7 46. Be2 Qc1+ 47. Kg2 Qf4 48. Bf1 Kh6 49. Qg3 Qd2+ 50. Kh3 f5 51. Bg2 f4 52. Qg5+ Kg7 53. Qe7+ Kh6 54. Qf8+ Kh7 55. Qe7+ Kh6 56. Qg5+ Kg7 57. Bf1 Qd4 58. Bb5 Qe3 59. Qg2 Qe6+ 60. Kh2 Qf6 61. Qf2 g5 62. Bd3 g4 63. Be4 g3+ 64. Qxg3+ fxg3+ 65. Kxg3 Qe5+ 0-1

[Event "Titled Tuesday intern op 19th Apr Early"]
[Site "Chess.com INT"]
[Date "2022.04.19"]
[Round "10"]
[White "Palachev, Petr"]
[Black "Maksimenko, Viktor"]
[Result "0-1"]
[WhiteElo "2317"]
[BlackElo "2181"]
[PlyCount "66"]
[EventDate "2022.04.19"]
[EventType "swiss (blitz)"]
[EventRounds "11"]
[EventCountry "USA"]
[SourceTitle "EXT 2023"]
[Source "ChessBase"]
[SourceDate "2022.10.05"]
[SourceVersion "1"]
[SourceVersionDate "2022.10.05"]
[SourceQuality "1"]

1. d4 Nf6 2. Nf3 e6 3. Bg5 Be7 4. Nbd2 b6 5. e4 Bb7 6. Bd3 h6 7. Bh4 Nh5 8. Bxe7 Qxe7 9. g3 d6 10. Qe2 Nd7 11. a4 a5 12. c3 Nhf6 13. 0-0 e5 14. Nh4 g6 15. Rae1 0-0-0 16. d5 Nh5 17. Ng2 Ng7 18. b4 axb4 19. cxb4 f5 20. f3 h5 21. Rc1 h4 22. Nxh4 Rxh4 23. gxh4 Qxh4 24. a5 Nh5 25. Ba6 Nf4 26. Bxb7+ Kxb7 27. Qf2 Nh3+ 28. Kg2 Nxf2 29. Rxf2 Rh8 30. Kg1 Qg5+ 31. Kh1 Nf6 32. Rg1 Qf4 33. axb6 Ng4 0-1

[Event "Titled Tuesday intern op 19th Apr Early"]
[Site "Chess.com INT"]
[Date "2022.04.19"]
[Round "9"]
[White "Papp, Levente"]
[Black "Palachev, Petr"]
[Result "1/2-1/2"]
[WhiteElo "2399"]
[BlackElo "2317"]
[PlyCount "136"]
[EventDate "2022.04.19"]
[EventType "swiss (blitz)"]
[EventRounds "11"]
[EventCountry "USA"]
[SourceTitle "EXT 2023"]
[Source "ChessBase"]
[SourceDate "2022.10.05"]
[SourceVersion "1"]
[SourceVersionDate "2022.10.05"]
[SourceQuality "1"]

1. c4 e6 2. Nf3 d5 3. g3 Nf6 4. Bg2 dxc4 5. Na3 Bxa3 6. bxa3 0-0 7. Qa4 Qd5 8. Bb2 Bd7 9. Qc2 Bc6 10. Rc1 b5 11. 0-0 Qe4 12. d3 cxd3 13. exd3 Qa4 14. Qc5 Bd5 15. Qe7 Nc6 16. Qxc7 Rac8 17. Qd6 Rfd8 18. Qc5 b4 19. axb4 Qxb4 20. Ba3 Qxc5 21. Bxc5 Bxa2 22. d4 Bd5 23. Ra1 Ra8 24. Ra6 Rdc8 25. Rfa1 h6 26. Nd2 Bxg2 27. Kxg2 Nd5 28. Nc4 g6 29. Nd6 Rc7 30. Nb5 Rcc8 31. Nd6 Rc7 32. Nb5 Rcc8 33. Nxa7 Nxa7 34. Rxa7 Rxa7 35. Rxa7 Kg7 36. h4 h5 37. Rb7 Rc6 38. f3 Ra6 39. g4 Ra2+ 40. Kg3 hxg4 41. fxg4 Ra3+ 42. Kf2 Ra2+ 43. Kf3 Rh2 44. Bd6 Rh3+ 45. Kg2 Rxh4 46. Be5+ Kf8 47. Kg3 Rh1 48. Bd6+ Ke8 49. Be5 g5 50. Kf3 f6 51. Bd6 Rf1+ 52. Kg2 Rd1 53. Rb8+ Kd7 54. Bc5 Nf4+ 55. Kf3 Rf1+ 56. Ke4 Re1+ 57. Kf3 f5 58. gxf5 exf5 59. Rf8 Ne6 60. Rxf5 Rf1+ 61. Kg4 Rg1+ 62. Kf3 g4+ 63. Kf2 Rd1 64. Rd5+ Ke8 65. Kg3 Rg1+ 66. Kf2 Rd1 67. Kg3 Rg1+ 68. Kf2 Rd1 1/2-1/2

[Event "Titled Tuesday intern op 12th Apr Early"]
[Site "Chess.com INT"]
[Date "2022.04.12"]
[Round "8"]
[White "Palachev, Petr"]
[Black "Garv, Gaur"]
[Result "1-0"]
[WhiteElo "2317"]
[BlackElo "2062"]
[PlyCount "87"]
[EventDate "2022.04.12"]
[EventType "swiss (blitz)"]
[EventRounds "11"]
[EventCountry "USA"]
[SourceTitle "CBM 207 Extra"]
[Source "ChessBase"]
[SourceDate "2022.05.31"]
[SourceVersion "1"]
[SourceVersionDate "2022.05.31"]
[SourceQuality "1"]

1. d4 d5 2. c4 e6 3. Nf3 Nf6 4. Nc3 Be7 5. Bf4 0-0 6. e3 Nbd7 7. c5 c6 8. h3 b6 9. b4 a5 10. a3 Ba6 11. Bxa6 Rxa6 12. 0-0 b5 13. Rb1 Qa8 14. Re1 Ne4 15. Nxe4 dxe4 16. Ne5 Nxe5 17. Bxe5 axb4 18. axb4 Ra4 19. Qg4 g6 20. Qxe4 f5 21. Qf3 Qa6 22. Rb3 Ra1 23. Rxa1 Qxa1+ 24. Kh2 Qa6 25. e4 fxe4 26. Qxe4 Qa2 27. Rf3 Rxf3 28. Qxf3 Qd5 29. Qe3 Bf8 30. Qf4 Qd8 31. Qf3 Qd7 32. Qf6 Bg7 33. Qxg7+ Qxg7 34. Bxg7 Kxg7 35. Kg3 Kf6 36. Kf4 g5+ 37. Ke4 h5 38. g4 hxg4 39. hxg4 Kf7 40. Ke5 Ke7 41. f3 Kf7 42. Kd6 Kf6 43. Kxc6 e5 44. d5 1-0

[Event "Titled Tuesday intern op 12th Apr Early"]
[Site "Chess.com INT"]
[Date "2022.04.12"]
[Round "9"]
[White "Palachev, Petr"]
[Black "Tari, Aryan"]
[Result "0-1"]
[WhiteElo "2317"]
[BlackElo "2650"]
[PlyCount "62"]
[EventDate "2022.04.12"]
[EventType "swiss (blitz)"]
[EventRounds "11"]
[EventCountry "USA"]
[SourceTitle "CBM 207 Extra"]
[Source "ChessBase"]
[SourceDate "2022.05.31"]
[SourceVersion "1"]
[SourceVersionDate "2022.05.31"]
[SourceQuality "1"]

1. d4 d5 2. c4 e6 3. Nf3 Nf6 4. Nc3 h6 5. g3 Bd6 6. Bg2 0-0 7. b3 Nc6 8. 0-0 dxc4 9. bxc4 e5 10. d5 Na5 11. c5 Bxc5 12. Nxe5 Re8 13. Nf3 Bf5 14. Nd4 Bh7 15. Nb3 Bb4 16. Qd4 Bxc3 17. Qxc3 Nxb3 18. Qxb3 Rxe2 19. Qxb7 Be4 20. Bxe4 Rxe4 21. Rd1 Rb8 22. Qxa7 Rb5 23. Bf4 Rxd5 24. Rxd5 Nxd5 25. Rd1 c6 26. a4 Qf6 27. Qb8+ Kh7 28. Qb1 Nc3 29. Qc2 g6 30. Rd2 Re1+ 31. Kg2 Nd5 0-1

[Event "Titled Tuesday intern op 12th Apr Early"]
[Site "Chess.com INT"]
[Date "2022.04.12"]
[Round "6"]
[White "Palachev, Petr"]
[Black "Zierk, Steven C"]
[Result "0-1"]
[WhiteElo "2317"]
[BlackElo "2488"]
[PlyCount "114"]
[EventDate "2022.04.12"]
[EventType "swiss (blitz)"]
[EventRounds "11"]
[EventCountry "USA"]
[SourceTitle "CBM 207 Extra"]
[Source "ChessBase"]
[SourceDate "2022.05.31"]
[SourceVersion "1"]
[SourceVersionDate "2022.05.31"]
[SourceQuality "1"]

1. d4 Nf6 2. c4 g6 3. Nc3 Bg7 4. e4 d6 5. Nf3 0-0 6. Be2 Nbd7 7. 0-0 e5 8. Be3 Qe7 9. Qc2 c6 10. d5 c5 11. a3 Ng4 12. Bg5 f6 13. Bd2 f5 14. h3 Ngf6 15. Bd3 fxe4 16. Nxe4 Nxe4 17. Bxe4 Nf6 18. Bg5 Qf7 19. Nd2 Nxe4 20. Nxe4 Bf5 21. f3 h6 22. Be3 b5 23. g4 Bxe4 24. fxe4 Qb7 25. Rxf8+ Rxf8 26. Rf1 bxc4 27. Rxf8+ Bxf8 28. Bd2 Qa6 29. Kg2 Kh7 30. Bc3 Be7 31. Qe2 Bg5 32. Qf2 Kg7 33. h4 Be7 34. h5 Qc8 35. Qf3 gxh5 36. gxh5 Bg5 37. Qh3 Qe8 38. Qg4 Kh8 39. Qf3 Kg8 40. Qg4 Kh8 41. Qf3 Qg8 42. Kh3 Kg7 43. Qf5 Qe8 44. Kg4 Bc1 45. a4 a6 46. Qe6 Qxe6+ 47. dxe6 Kf6 48. e7 Kxe7 49. Kf5 Kf7 50. Kg4 Ke7 51. Kf5 Kf7 52. Kg4 Ke6 53. Kh4 d5 54. exd5+ Kxd5 55. Kg4 Ke4 56. a5 Be3 57. Kg3 Bf4+ 0-1

[Event "Titled Tuesday intern op 12th Apr Early"]
[Site "Chess.com INT"]
[Date "2022.04.12"]
[Round "1"]
[White "Skytte, Rasmus"]
[Black "Palachev, Petr"]
[Result "0-1"]
[WhiteElo "2357"]
[BlackElo "2317"]
[PlyCount "38"]
[EventDate "2022.04.12"]
[EventType "swiss (blitz)"]
[EventRounds "11"]
[EventCountry "USA"]
[SourceTitle "CBM 207 Extra"]
[Source "ChessBase"]
[SourceDate "2022.05.31"]
[SourceVersion "1"]
[SourceVersionDate "2022.05.31"]
[SourceQuality "1"]

1. e4 c6 2. d4 d5 3. e5 Bf5 4. Nc3 e6 5. g4 Bg6 6. Nge2 f6 7. h4 fxe5 8. h5 Bf7 9. dxe5 c5 10. f4 Nc6 11. Ng3 Qb6 12. Bb5 0-0-0 13. Bxc6 Qxc6 14. b3 c4 15. Bb2 Bb4 16. a3 Bxc3+ 17. Bxc3 cxb3 18. 0-0 Qxc3 19. cxb3 Qxg3+ 0-1

[Event "Cheliabinsk Variation-A"]
[Site "Cheliabinsk"]
[Date "2022.04.10"]
[Round "9"]
[White "Kamalidenova, Meruert"]
[Black "Palachev, Petr"]
[Result "1/2-1/2"]
[WhiteElo "2427"]
[BlackElo "2317"]
[PlyCount "102"]
[EventDate "2022.04.01"]
[EventType "swiss"]
[EventRounds "9"]
[EventCountry "RUS"]
[SourceTitle "CBM 207 Extra"]
[Source "ChessBase"]
[SourceDate "2022.05.31"]
[SourceVersion "1"]
[SourceVersionDate "2022.05.31"]
[SourceQuality "1"]

1. e4 e6 2. d4 d5 3. Nc3 Bb4 4. e5 c5 5. a3 Bxc3+ 6. bxc3 Ne7 7. h4 Qc7 8. h5 h6 9. Rb1 Nbc6 10. Qg4 Rg8 11. Bd3 c4 12. Be2 Bd7 13. Nf3 Qa5 14. Bb2 Qa4 15. Bd1 0-0-0 16. Nh4 Rdf8 17. Bc1 Qa5 18. Rh3 f6 19. Nf3 Qxc3+ 20. Kf1 fxe5 21. Nxe5 Nxe5 22. Rxc3 Nxg4 23. Bxg4 Nc6 24. Be3 a6 25. a4 Nxd4 26. Bxd4 Rf4 27. Bxe6 Bxe6 28. Be5 Rf5 29. Re3 Rxh5 30. Rb6 Bd7 31. Rd6 Bxa4 32. Rxd5 Bc6 33. Rd4 Rh1+ 34. Ke2 Bxg2 35. f3 Bf1+ 36. Kf2 Rd8 37. Re1 Rxd4 38. Bxd4 Bg2 39. Re8+ Kd7 40. Rb8 Rd1 41. Be3 Bh3 42. Rxb7+ Ke6 43. Rxg7 Bf5 44. c3 h5 45. Rc7 Bd3 46. Rc6+ Kf7 47. Rxa6 h4 48. Rh6 Rf1+ 49. Kg2 Re1 50. Bd4 h3+ 51. Rxh3 Bf1+ 1/2-1/2

[Event "Cheliabinsk Variation-A"]
[Site "Cheliabinsk"]
[Date "2022.04.06"]
[Round "6"]
[White "Palachev, Petr"]
[Black "Kostenko, Petr"]
[Result "0-1"]
[WhiteElo "2317"]
[BlackElo "2430"]
[PlyCount "100"]
[EventDate "2022.04.01"]
[EventType "swiss"]
[EventRounds "9"]
[EventCountry "RUS"]
[SourceTitle "CBM 207 Extra"]
[Source "ChessBase"]
[SourceDate "2022.05.31"]
[SourceVersion "1"]
[SourceVersionDate "2022.05.31"]
[SourceQuality "1"]

1. d4 Nf6 2. c4 e6 3. Nf3 b6 4. g3 Ba6 5. b3 b5 6. cxb5 Bxb5 7. Bg2 d5 8. Nc3 Ba6 9. 0-0 Nbd7 10. a3 c5 11. b4 cxd4 12. Qxd4 Be7 13. Rd1 Bb7 14. Bb2 0-0 15. e4 dxe4 16. Ng5 Nb6 17. Ncxe4 Bd5 18. Qd3 Nxe4 19. Nxe4 Rc8 20. Qd4 f6 21. Nc5 Bxc5 22. bxc5 Bxg2 23. Qxd8 Rfxd8 24. Rxd8+ Rxd8 25. cxb6 Bf3 26. bxa7 Rd7 27. a4 e5 28. h3 Rxa7 29. g4 h5 30. gxh5 Bxh5 31. a5 Be2 32. Bc1 Rd7 33. Be3 Ba6 34. h4 f5 35. f4 e4 36. Kf2 Rd3 37. h5 Kh7 38. Rg1 Ra3 39. Bd4 Ra2+ 40. Kg3 Rd2 41. Be5 Be2 42. Rc1 Bxh5 43. Rc7 Rd1 44. Rxg7+ Kh6 45. Re7 e3 46. Bg7+ Kg6 47. Bc3 e2 48. Kg2 Rf1 49. Bd2 Bf3+ 50. Kg3 Be4 0-1

[Event "Cheliabinsk Variation-A"]
[Site "Cheliabinsk"]
[Date "2022.04.05"]
[Round "5"]
[White "Obolenskikh, Dmitry Aleksandrovi"]
[Black "Palachev, Petr"]
[Result "1/2-1/2"]
[WhiteElo "2547"]
[BlackElo "2317"]
[PlyCount "55"]
[EventDate "2022.04.01"]
[EventType "swiss"]
[EventRounds "9"]
[EventCountry "RUS"]
[SourceTitle "CBM 207 Extra"]
[Source "ChessBase"]
[SourceDate "2022.05.31"]
[SourceVersion "1"]
[SourceVersionDate "2022.05.31"]
[SourceQuality "1"]

1. e4 c5 2. Nf3 Nc6 3. d4 cxd4 4. Nxd4 Nf6 5. Nc3 d6 6. Be2 e5 7. Nb3 Be7 8. Bg5 Nxe4 9. Nxe4 Bxg5 10. Nxd6+ Ke7 11. Nxc8+ Rxc8 12. Bd3 g6 13. Qe2 Kf8 14. Rd1 Qe7 15. h4 Bh6 16. c3 Kg7 17. h5 f5 18. g4 e4 19. Bc2 Rcd8 20. gxf5 gxf5 21. Rg1+ Kf6 22. Rxd8 Rxd8 23. Kf1 Qe5 24. Qc4 Qh2 25. Nc5 Qh3+ 26. Rg2 Qh1+ 27. Rg1 Qh3+ 28. Rg2 1/2-1/2

[Event "Cheliabinsk Variation-A"]
[Site "Cheliabinsk"]
[Date "2022.04.04"]
[Round "4"]
[White "Palachev, Petr"]
[Black "Shuvalova, Polina"]
[Result "0-1"]
[WhiteElo "2317"]
[BlackElo "2504"]
[PlyCount "80"]
[EventDate "2022.04.01"]
[EventType "swiss"]
[EventRounds "9"]
[EventCountry "RUS"]
[SourceTitle "CBM 207 Extra"]
[Source "ChessBase"]
[SourceDate "2022.05.31"]
[SourceVersion "1"]
[SourceVersionDate "2022.05.31"]
[SourceQuality "1"]

1. d4 Nf6 2. c4 e6 3. Nc3 Bb4 4. e3 0-0 5. Bd3 d5 6. cxd5 exd5 7. a3 Bd6 8. Qc2 c6 9. Nge2 a5 10. Bd2 Na6 11. 0-0 Re8 12. Rad1 Bd7 13. f3 c5 14. Nb5 Bf8 15. dxc5 Bxc5 16. Kh1 Bxe3 17. Nd6 Re6 18. Bxe3 Rxe3 19. Bxa6 Rxa6 20. Nxb7 Qc8 21. Nc5 Bf5 22. Qc1 Rxe2 23. Nxa6 Qxa6 24. b4 axb4 25. axb4 Qb5 26. Qf4 Be6 27. Ra1 h6 28. Rfb1 Kh7 29. Qd4 Rc2 30. Qd1 Rc8 31. Ra5 Qb6 32. Qd3+ Kg8 33. Qa3 Kh7 34. Ra8 Rc4 35. Qd3+ g6 36. Qd2 Bf5 37. Rba1 Qxb4 38. Qe3 Qc5 39. Qe1 Rc2 40. R1a7 Be6 0-1

[Event "Titled Tuesday intern op 15 Mar Late"]
[Site "Chess.com INT"]
[Date "2022.03.15"]
[Round "2"]
[White "Brunner, Nicolas"]
[Black "Palachev, Petr"]
[Result "1/2-1/2"]
[WhiteElo "2427"]
[BlackElo "2317"]
[PlyCount "91"]
[EventDate "2022.03.15"]
[EventType "swiss (blitz)"]
[EventRounds "11"]
[EventCountry "USA"]
[SourceTitle "CBM 207 Extra"]
[Source "ChessBase"]
[SourceDate "2022.05.31"]
[SourceVersion "1"]
[SourceVersionDate "2022.05.31"]
[SourceQuality "1"]

1. d4 Nf6 2. c4 e6 3. g3 d5 4. Bg2 dxc4 5. Nf3 a6 6. 0-0 Nc6 7. Nc3 Rb8 8. e4 Be7 9. Qe2 b5 10. Rd1 0-0 11. d5 exd5 12. e5 d4 13. exf6 Bxf6 14. Ne4 Be7 15. Bg5 d3 16. Qd2 Bg4 17. Bxe7 Qxe7 18. Re1 Qb4 19. Rac1 Bxf3 20. Bxf3 Rbd8 21. b3 f5 22. Qxb4 Nxb4 23. Nd2 Nxa2 24. Ra1 Nb4 25. bxc4 Nc2 26. cxb5 axb5 27. Bc6 b4 28. Ba4 Nxa1 29. Rxa1 Ra8 30. Bb3+ Kh8 31. Rc1 Rfe8 32. Rxc7 Re2 33. Nf3 Rb2 34. Bd5 Rb8 35. Rd7 b3 36. Be6 Re2 37. Bxb3 h6 38. Bc4 Rb1+ 39. Kg2 Rbb2 40. Nh4 Rxf2+ 41. Kg1 Rfd2 42. Ng6+ Kh7 43. Nf8+ Kh8 44. Ng6+ Kh7 45. Nf8+ Kh8 46. Ng6+ 1/2-1/2

[Event "Titled Tuesday intern op 15 Mar Late"]
[Site "Chess.com INT"]
[Date "2022.03.15"]
[Round "1"]
[White "Palachev, Petr"]
[Black "Peatman, Carter F"]
[Result "1-0"]
[WhiteElo "2317"]
[BlackElo "1954"]
[PlyCount "121"]
[EventDate "2022.03.15"]
[EventType "swiss (blitz)"]
[EventRounds "11"]
[EventCountry "USA"]
[SourceTitle "CBM 207 Extra"]
[Source "ChessBase"]
[SourceDate "2022.05.31"]
[SourceVersion "1"]
[SourceVersionDate "2022.05.31"]
[SourceQuality "1"]

1. d4 d5 2. Nf3 Nf6 3. e3 Bf5 4. c4 c6 5. Nc3 e6 6. Bd3 Bxd3 7. Qxd3 Nbd7 8. 0-0 Bd6 9. e4 dxe4 10. Nxe4 Nxe4 11. Qxe4 Nf6 12. Qe2 0-0 13. b3 Qc7 14. Bb2 Rfe8 15. Rad1 a5 16. Rd3 a4 17. Rfd1 axb3 18. axb3 Bb4 19. Ne5 Nd7 20. Qh5 Nxe5 21. dxe5 Rad8 22. h4 Rxd3 23. Rxd3 Rd8 24. Rg3 Qd7 25. Kh2 Qd2 26. Qg5 Qxg5 27. hxg5 Rd2 28. Bc1 Rxf2 29. Rd3 Kf8 30. Rd8+ Ke7 31. Rb8 Bc3 32. Rxb7+ Kd8 33. Kg3 Re2 34. Bf4 Ke8 35. Kf3 Re1 36. Rb8+ Ke7 37. Rb7+ Ke8 38. Rc7 Bxe5 39. Bxe5 Rxe5 40. Rxc6 Rxg5 41. b4 Rf5+ 42. Ke4 Rf2 43. b5 Kd7 44. Ra6 f5+ 45. Kd4 Rxg2 46. Ra7+ Kc8 47. b6 e5+ 48. Kxe5 Rc2 49. Kd5 Rd2+ 50. Kc6 Kd8 51. Ra8+ Ke7 52. b7 Rb2 53. b8Q Rxb8 54. Rxb8 f4 55. Kd5 g5 56. Ke4 h5 57. Rb6 Kf7 58. Kf5 f3 59. Kxg5 Kg7 60. Rf6 f2 61. Rxf2 1-0